书目信息 |
| 题名: |
高分子材料生产加工设备
|
|
| 作者: | 徐德增 主编 | |
| 分册: | ||
| 出版信息: | 北京 中国纺织出版社 2021.2 |
|
| 页数: | 11,356页 | |
| 开本: | 26cm | |
| 丛书名: | ||
| 单 册: | ||
| 中图分类: | TQ315 | |
| 科图分类: | ||
| 主题词: | 高分子材料--生产设备--高等教育--教材 , 高分子材料 , 生产设备 | |
| 电子资源: | ||
| ISBN: | 978-7-5064-5414-8 | |
| 000 | 00958nam0 2200277 45 | |
| 001 | 012001000412 | |
| 005 | 20211012144344.60 | |
| 010 | @a978-7-5064-5414-8@dCNY45.00 | |
| 100 | @a20090414d2009 em y0chiy50 ea | |
| 101 | 0 | @achi |
| 102 | @aCN@b110000 | |
| 105 | @ay z 000yy | |
| 106 | @ar | |
| 200 | 1 | @a高分子材料生产加工设备@Agao fen zi cai liao sheng chan jia gong she bei@b专著@f徐德增主编 |
| 205 | @a2版 | |
| 210 | @a北京@c中国纺织出版社@d2021.2 | |
| 215 | @a11,356页@d26cm | |
| 300 | @a普通高等教育“十一五”部委级规划教材(本科) | |
| 330 | @a本书介绍了高分子材料加工设备的结构特点、工作原理和应用,内容包括聚合反应器、化纤加工设备、塑料加工设备和橡胶加工设备,其中化纤加工设备是本书的重点。 | |
| 606 | 0 | @a高分子材料@x生产设备@x高等教育@j教材 |
| 606 | 0 | @a高分子材料 |
| 606 | 0 | @a生产设备 |
| 690 | @aTQ315@v4 | |
| 701 | 0 | @a徐德增@Axu de zeng@f(1954~)@4主编 |
| 801 | 0 | @aCN@bBJSDL@c20211011 |
| 905 | @b1331429-32@dTQ315@e24=2@f4 | |
| 高分子材料生产加工设备/徐德增主编.-2版.-北京:中国纺织出版社,2021.2 |
| 11,356页;26cm |
| 普通高等教育“十一五”部委级规划教材(本科) |
| ISBN 978-7-5064-5414-8:CNY45.00 |
| 本书介绍了高分子材料加工设备的结构特点、工作原理和应用,内容包括聚合反应器、化纤加工设备、塑料加工设备和橡胶加工设备,其中化纤加工设备是本书的重点。 |
| ● |
| 相关链接 |
|
|
|
|
正题名:高分子材料生产加工设备
索取号:TQ315/24=2
 
预约/预借
| 序号 | 登录号 | 条形码 | 馆藏地/架位号 | 状态 | 备注 |
| 1 | 1331429 | 213314297 | 第二样本阅览室/ [索取号:TQ315/24=2] | 在馆 | |
| 2 | 1331430 | 213314304 | 第三借阅区/ [索取号:TQ315/24=2] | 在馆 | |
| 3 | 1331431 | 213314313 | 第三借阅区/ [索取号:TQ315/24=2] | 在馆 | |
| 4 | 1331432 | 213314322 | 第三借阅区/ [索取号:TQ315/24=2] | 在馆 |